000 00620nam a2200217 a 4500
001 000008213
005 20200929154503.0
008 090915s2000 dr a 001 0 spa d
020 _a9993400289
040 _aDO-SdBNP
_bspa
_cBNPHU
082 _a646.407
_bJ19p
100 1 _aJácquez, Mercy
_922268
245 1 0 _aPatrones básicos e intermedios /
_cMercy Jácquez.
260 _aSanto Domingo :
_bCocolo,
_c2000.
300 _a104 p. :
_bil. ;
_c28 cm.
650 4 _aCorte y confección
_922269
650 4 _aLabores de aguja
_922270
650 4 _aModa
_922271
650 4 _aDiseño de vestidos
_922272
049 _aBNPD
999 _c7986
_d7986